000 00580nam a2200193Ia 4500
005 20260120124553.0
008 008 260114s9999 xx 000 0 eng d
020 _a9781780525068
037 _aEBOOK
040 _aCRL
_beng
_cCRL
041 _aeng
_2eng
084 _qCRL
245 0 _aBehavioral Disorders: Practice Concerns and Students with EBD
260 _bEmerald Publishing
_c2012
700 _aJeffrey P. Bakken
_9907902
856 _uhttps://www.emerald.com/insight/publication/doi/10.1108/S0270-4013(2012)23
942 _cEBOOK
999 _c1499789
_d1499789